| 000 | 01333nam a2200289 i 4500 | ||
|---|---|---|---|
| 003 | EG-ScBUE | ||
| 005 | 20230611130942.0 | ||
| 008 | 161126s2011 ua f b 000 0 ara d | ||
| 040 |
_aEG-ScBUE _bara _erda _cEG-ScBUE _dEG-ScBUE |
||
| 082 | 0 | 4 |
_a341.2 _bأ ب و _222 |
| 100 | 1 |
_aأبو الوفا، أحمد، _eمؤلف. |
|
| 245 | 1 | 2 |
_aالوسيط في قانون المنظمات الدولية / _cالدكتور أحمد أبو الوفا، أستاذ القانون الدولي العام، كلية الحقوق، جامعة القاهرة، دبلوم أكاديمية القانون الدولي (لاهاي)، محام أمام محكمة النقض والمحكمة الإدارية العليا. |
| 250 | _aالطبعة الثامنة. | ||
| 264 | 1 |
_aالقاهرة : _bدار النهضة العربية، _c2011. |
|
| 300 |
_a596 صفحة ؛ _c24 سم |
||
| 336 |
_2rdacontent _aنص _btxt |
||
| 337 |
_2rdamedia _aبدون وسيط _bn |
||
| 338 |
_2rdacarrier _aمجلد _bnc |
||
| 504 | _aيشتمل على إرجاعات ببليوجرافية. | ||
| 541 |
_cإهداء ؛ _aأسماء التلباني. |
||
| 650 | 7 |
_aالمنظمات الدولية. _2BUEsh |
|
| 650 | 7 |
_aالقانون الدولي. _2BUEsh |
|
| 651 | _2BUEsh | ||
| 653 |
_bLLAAWW _cNovember2016 |
||
| 655 | _vReading book | ||
| 942 | _2ddc | ||
| 999 |
_c23331 _d23303 |
||